Taylor Swift Track 2 Songs - Sudden Death - Statistics

General Stats
  • This quiz has been taken 142 times
  • The average score is 6 of 9
Answers on the Grid
Answers color-coded by a green-red scale on the quiz's grid according to % correct below.
Sparks Fly
Lover
Fearless
Blank Space
Red
Exile (feat. Bon Iver)
End Game
Anti-Hero
Picture To Burn
gold rush
Cardigan
Maroon
Fifteen
Wildest Dreams
Mine
Cruel Summer
 
Answer Stats
Answer % Correct
Sparks Fly
79%
Red
68%
End Game
66%
Picture To Burn
66%
Blank Space
64%
Cardigan
64%
Cruel Summer
60%
Fifteen
60%
Maroon
57%
No matching quizzes found
Score Distribution
Percent of People with Each Score
Percentile by Number Answered
Your Score History
You have not taken this quiz